00668 2200229 4500001002100000005001700021008004100038020001800079035002400097040001200121082001000133090002100143100002100164245007900185250001500264260003300279300002800312500003100340650003400371850001200405999002100417YOGYA-0209000005468820090227033402.0 ind  a979-3289-27-9 0010-020900000054688 aYOPDBPD a658.3 aDEP 658.3bSum E aSUMARSONO, Sonny aEkonomi manajemen sumber daya manusia dan ketenagakerjaancSonny Sumarsono aEd.1,cet.1 aYogyakartabGraha Ilmuc2003 ax, 304 hlmbilusc23 cm aBibliografi : hlm. 299-301 aManajemen sumber daya manusia aYOPDYOG a2003-344 CB-D.11